| 000 | 00945nam a2200289 a 4500 | ||
|---|---|---|---|
| 001 | 69997 | ||
| 003 | BD-RjUL | ||
| 005 | 20211209081943.0 | ||
| 008 | 170415t19481935nyu b 000 0 eng d | ||
| 035 | _a(BD-RjUL)70209 | ||
| 035 | _a(BD-RjUL) | ||
| 040 |
_aDLC _cMBNU _dPPiU _dDLC _dBD-RjUL _beng |
||
| 041 | _aeng | ||
| 082 |
_223 _a512.7 _bKRI 1948 |
||
| 100 | 1 |
_aKrull, Wolfgang _d1899- _9207328 |
|
| 245 | 1 | 0 |
_aIdealtheorie / _cvon W. Krull. |
| 260 |
_aNew York : _bChelsea Pub. Co., _cc1935, 1948 |
||
| 300 |
_aviii, 152 p. ; _c23 cm. |
||
| 504 | _aIncludes bibliographical references (p. 141-148) | ||
| 650 | 0 |
_aNumber theory _9207330 |
|
| 650 | 0 |
_aIdeals (Algebra) _9152876 |
|
| 650 | 0 |
_aAlgebraic fields _9151071 |
|
| 830 |
_aErgebnisse der Mathematik und ihrer Grenzgebiete ; _v4. Bd., 3 _9207332 |
||
| 942 |
_2ddc _cBK |
||
| 999 |
_c69997 _d69997 |
||